Datum a čas kvízu

26.5 Celkem bodů Celkový počet nahraných bodů na tomto kvízu bez doplňovacích otázek.
8. Pořadí na kvízu Konečné umístění týmu na tomto kvízu.

Zaznamenané odpovědi

# Otázka Odpověď Body Výsledky
1. Čím konkrétně se na úterním za... měli na sobě kroje 0
2. Minulý týden jsme se dozvěděli... na Novém Zélandu 0
3. Česká národní banka vydala stř... Bedřich Smetana 0
4. Na konci února byl v Podolské... 5 babyboxů 0
5. Ve kterém britském městě se od... v Glasgow 0
6. Napište, kterým slovem se ozna... okostice (periost) 1
7. Ve kterém českém městě najdeme... v Brně 0
8. Hlavní postava seriálu Sběrate... Booth 1
9. Kterému zvířeti patří tato kos... hrochovi 1
10. V září roku 2012 byla pod park... Richard III. 0